[Event "Dresden ZMD op-C 21th"]
[Site "Dresden"]
[Date "2012.08.26"]
[Round "9"]
[White "Heydick, Felix"]
[Black "Schnoor, Friedrich"]
[Result "0-1"]
[WhiteElo "1649"]
[BlackElo "1725"]
[PlyCount "46"]
[EventDate "2012.08.18"]
[EventType "swiss"]
[EventRounds "9"]
[EventCountry "GER"]
[SourceTitle "CBM 150 Extra"]
[Source "ChessBase"]
[SourceDate "2012.10.19"]
[SourceVersion "1"]
[SourceVersionDate "2012.10.19"]
[SourceQuality "1"]

1. Nf3 Nf6 2. g3 g6 3. Bg2 Bg7 4. c4 0-0 5. Nc3 d6 6. 0-0 Nc6 7. a3 a5 8. Rb1 e5 9. d3 Nd4 10. e3 Nxf3+ 11. Bxf3 c6 12. b4 axb4 13. axb4 d5 14. Bb2 Be6 15. Qe2 Qe7 16. b5 dxc4 17. d4 exd4 18. exd4 Qd7 19. bxc6 bxc6 20. Ne4 Nxe4 21. Bxe4 Rfe8 22. Qc2 Bd5 23. Rfe1 Ra2 0-1

[Event "Dresden ZMD op-C 21th"]
[Site "Dresden"]
[Date "2012.08.24"]
[Round "7"]
[White "Heydick, Felix"]
[Black "Sabejinski, Simeon"]
[Result "1-0"]
[WhiteElo "1649"]
[BlackElo "1708"]
[PlyCount "71"]
[EventDate "2012.08.18"]
[EventType "swiss"]
[EventRounds "9"]
[EventCountry "GER"]
[SourceTitle "CBM 150 Extra"]
[Source "ChessBase"]
[SourceDate "2012.10.19"]
[SourceVersion "1"]
[SourceVersionDate "2012.10.19"]
[SourceQuality "1"]

1. e4 e5 2. Nf3 Nf6 3. Nxe5 Qe7 4. d4 d6 5. Nf3 Qxe4+ 6. Be2 Be7 7. 0-0 0-0 8. Bd3 Qg4 9. c4 d5 10. Re1 Be6 11. h3 Qh5 12. Re5 Qxe5 13. dxe5 Ne8 14. cxd5 Bxd5 15. Bxh7+ Kxh7 16. Qxd5 Nc6 17. Nc3 Rd8 18. Qe4+ g6 19. Ng5+ Kg7 20. Qh4 Rh8 21. Qg3 Nd4 22. Be3 Nf5 23. Qf3 Rf8 24. Nb5 c6 25. Nc3 Nc7 26. Rd1 Rxd1+ 27. Nxd1 Nd5 28. Ne4 Re8 29. Nd6 Nxd6 30. exd6 Bxd6 31. Bd4+ Kg8 32. Ne3 Nf4 33. g3 Nxh3+ 34. Kg2 Nf4+ 35. Qxf4 Re6 36. Qh4 1-0

[Event "Dresden ZMD op-C 21th"]
[Site "Dresden"]
[Date "2012.08.21"]
[Round "4"]
[White "Heydick, Felix"]
[Black "Jahn, Dietmar"]
[Result "1-0"]
[WhiteElo "1649"]
[BlackElo "1679"]
[PlyCount "45"]
[EventDate "2012.08.18"]
[EventType "swiss"]
[EventRounds "9"]
[EventCountry "GER"]
[SourceTitle "CBM 150 Extra"]
[Source "ChessBase"]
[SourceDate "2012.10.19"]
[SourceVersion "1"]
[SourceVersionDate "2012.10.19"]
[SourceQuality "1"]

1. d4 c5 2. d5 e5 3. c4 d6 4. e4 Be7 5. Ne2 Bg5 6. Nbc3 Bxc1 7. Rxc1 Nh6 8. Ng3 0-0 9. Be2 a6 10. Qd3 f5 11. exf5 Nxf5 12. Bf3 Nxg3 13. hxg3 Bf5 14. Be4 g6 15. g4 Qg5 16. Qh3 Qxc1+ 17. Nd1 h5 18. gxf5 Qf4 19. f3 gxf5 20. Qxh5 Qg3+ 21. Kf1 Qg7 22. Bxf5 Rxf5 23. Qxf5 1-0

[Event "Dresden ZMD op-C 21th"]
[Site "Dresden"]
[Date "2012.08.18"]
[Round "1"]
[White "Nobis, Philipp"]
[Black "Heydick, Felix"]
[Result "1/2-1/2"]
[WhiteElo "1667"]
[BlackElo "1649"]
[PlyCount "75"]
[EventDate "2012.08.18"]
[EventType "swiss"]
[EventRounds "9"]
[EventCountry "GER"]
[SourceTitle "CBM 150 Extra"]
[Source "ChessBase"]
[SourceDate "2012.10.19"]
[SourceVersion "1"]
[SourceVersionDate "2012.10.19"]
[SourceQuality "1"]

1. c4 Nf6 2. g3 c5 3. Bg2 g6 4. Nc3 Bg7 5. Nf3 Nc6 6. d3 d6 7. 0-0 0-0 8. Bd2 Rb8 9. Qc1 a6 10. Bh6 Bd7 11. h3 e6 12. Bxg7 Kxg7 13. Qf4 Qe7 14. Qh4 b5 15. b3 e5 16. Ng5 Rh8 17. Nd5 Qd8 18. Nxf6 Qxf6 19. Bd5 Nd8 20. Kh2 Ne6 21. f4 exf4 22. Nxe6+ Bxe6 23. Qxf6+ Kxf6 24. Rxf4+ Ke7 25. Bxe6 fxe6 26. Raf1 Rhf8 27. Kg2 Rxf4 28. Rxf4 Rf8 29. Rxf8 Kxf8 30. cxb5 axb5 31. Kf3 b4 32. e3 Kf7 33. d4 e5 34. dxc5 dxc5 35. Ke4 Ke6 36. Kd3 Kd5 37. e4+ Kd6 38. Kc4 1/2-1/2